000 01216njm a22002897a 4500
005 20100914153423.0
006 a|||||r|||||00| 0
007 sd ammalaaahaa
008 100901t xxu||||| |||| 00| 0 eng d
028 _a7EPE. 1543
_bHis Master's Voice
035 _aGR-02126
040 _aSED
_cSED
100 _aMangeshkar, Lata
_917891
245 _aSatyamev jayate /
_cby Lata Mangeshkar; music by Jaidev; lyric by Uddhav Kumar
_h[Sound recording]
246 _aसत्यमेव जयते / लता मंगेशकर द्वारा
260 _aDum Dum, India
_bHis Master's Voice
_c1971
300 _a1 Sound disc [Gramophone Recording] :
_banalog, 45 rpm
_c7 in. (SP)
_fGramophone Record
500 _aBrief record
500 _aRecord Labels : His Master's Voice, Purpal
505 _aSide-2 जो समर में हो गए अमर (Jo samar men ho gaye amar) (Lata Mangeshkar)
600 _aMangeshkar, Lata
_919718
650 _aPatriotic Songs
_xExcerpts
_zIndia
_917892
700 _aJaidev
_919652
700 _aUddhav Kumar
_919653
942 _2ddc
_cGR
999 _c45551
_d45551